| 000 | 00430cam a2200157 a 4500 | ||
|---|---|---|---|
| 082 | 0 | 4 |
_a005.43 _bHYM _cNUST |
| 100 | 1 |
_aHyman, Michael I., _936818 |
|
| 245 | 1 | 0 | _aAdvanced DOS |
| 250 | _a2 nd ed. | ||
| 260 |
_aDelhi. : _bBPB Publications, _c1989. |
||
| 300 |
_aix. 363 p. : _bill. _c22 cm. |
||
| 526 |
_a0 _b0 _c0 _d005_430000000000000_HYM |
||
| 526 |
_a0 _b0 _c0 _d005_430000000000000_HYM |
||
| 650 | 0 |
_aNUST _96342 |
|
| 942 |
_2ddc _cBK |
||
| 999 |
_c541780 _d541780 |
||